000 00497nam a2200193Ia 4500
003 GCL
008 140319s9999 xx 000 0 eng d
040 _aGCL /
_cGCL
082 0 4 _a759
_bM T
100 1 _aMONSEL, PHILIPPE
245 1 0 _aTURNER, 1775 - 1851 /
_cMONSEL, PHILIPPE
260 _a[S.N] :
_bCERCLE D' ART ،
_c1995
300 _a63 P
650 0 4 _aART, ENGLAND
650 0 4 _aTURNER, JOSEPH MALL WILLAM
650 0 4 _aENGLISH PAINTER
650 0 4 _aART - PAINTING
942 _2ddc
_cBK
999 _c14705
_d14705